UM Logo
Normal view MARC view
  • Ethnomusicology.

Entry Topical Term

Number of records used in: 1

001 - CONTROL NUMBER

  • control field: 42309

003 - CONTROL NUMBER IDENTIFIER

  • control field: OSt

005 - DATE AND TIME OF LATEST TRANSACTION

  • control field: 20201013113048.0

008 - FIXED-LENGTH DATA ELEMENTS

  • fixed length control field: 201013|| aca||aabn | a|a d

040 ## - CATALOGING SOURCE

  • Original cataloging agency: OSt
  • Transcribing agency: OSt

150 ## - HEADING--TOPICAL TERM

  • Topical term or geographic name entry element: Ethnomusicology.

670 ## - SOURCE DATA FOUND

  • Source citation: Work cat.: (OSt): Mora, Manolete 42306, Myths, mimesis and magic in the music of the T'boli, Philippines, c2005.